Service led Design (Record no. 349583)

000 -LEADER
fixed length control field 00469nam a22001817a 4500
003 - CONTROL NUMBER IDENTIFIER
control field OSt
005 - DATE AND TIME OF LATEST TRANSACTION
control field 20180116182953.0
008 - FIXED-LENGTH DATA ELEMENTS--GENERAL INFORMATION
fixed length control field 140101b xxu||||| |||| 00| 0 eng d
020 ## - INTERNATIONAL STANDARD BOOK NUMBER
International Standard Book Number 9780566088261
040 ## - CATALOGING SOURCE
Original cataloging agency 0
Transcribing agency 0
082 ## - DEWEY DECIMAL CLASSIFICATION NUMBER
Classification number 658.301 SAU 2009
100 ## - MAIN ENTRY--PERSONAL NAME
Personal name jane Saunders
245 ## - TITLE STATEMENT
Title Service led Design
Remainder of title Planning the New HR Function
Statement of responsibility, etc. jane Saunders
260 ## - PUBLICATION, DISTRIBUTION, ETC.
Place of publication, distribution, etc. USA
Name of publisher, distributor, etc. Gower
Date of publication, distribution, etc. 2009
300 ## - PHYSICAL DESCRIPTION
Extent 80p.
Other physical details PB
440 ## - SERIES STATEMENT/ADDED ENTRY--TITLE
Title Service led Design
942 ## - ADDED ENTRY ELEMENTS (KOHA)
Source of classification or shelving scheme
Koha item type Book
Holdings
Withdrawn status Lost status Source of classification or shelving scheme Damaged status Not for loan Collection code Permanent Location Current Location Shelving location Date acquired Total Checkouts Full call number Barcode Checked out Date last seen Date last checked out Price effective from Koha item type
            Central Library (CL) Central Library (CL) General Stacks 01/01/2014 2 658.301 SAU 2009 NBS9058 01/31/2019 10/03/2018 10/03/2018 01/01/2014 Book
© 2023 Central Library, National University of Sciences and Technology. All Rights Reserved.